Construcción y pruebas de un transformador super-acorazado de 5 KVA
Sparad:
| Huvudupphovsman: | |
|---|---|
| Övriga upphovsmän: | |
| Materialtyp: | Bok |
| Publicerad: |
[San José , Costa Rica]
1975
|
| Taggar: |
Lägg till en tagg
Inga taggar, Lägg till första taggen!
|
MARC
| LEADER | 00000nam a2200000Ia 4500 | ||
|---|---|---|---|
| 003 | PIE119 | ||
| 005 | 20231113111524.0 | ||
| 008 | 140116s1975 c a m 000 ||s d | ||
| 040 | |c cru CEDI | ||
| 090 | |a PIE-119 | ||
| 100 | |a Solís R, Luis Alberto |9 18212 | ||
| 245 | |a Construcción y pruebas de un transformador super-acorazado de 5 KVA | ||
| 260 | |a [San José , Costa Rica] |c 1975 | ||
| 300 | |a 51 hojas ; ilustraciones | ||
| 500 | |a A la Cabeza de la portada. Universidad de Costa Rica. Facultad de Ingeniería. Escuela de Ingeniería Eléctrica. Proyecto Eléctrico | ||
| 501 | |a Profesor Guía: Ing. José Joaquín Chacon Leandro | ||
| 700 | |a Chacón Leandro, José Joaquín, 1948- |d Director de Proyecto Eléctrico |9 1750 | ||
| 942 | |c PIE |h PIE-119 |i PIE119 |6 PIE_119_PIE119 | ||
| 999 | |c 13475 |d 13475 | ||
